00829nam a22001817a 4500003000200000005001700002008004100019050002300060100003100083245016300114260007100277300002600348500003600374504005600410650005300466650006100519650006700580020250217113700.0250215b xxu||||| |||| 00| 0 eng d aHQ 76.3b.C67 2023 aCortez, Nathaniel Arru C.  aTowards the rainbow's end:bexamining LGBT tourist perceptions' on boracay island as an LGBT-freindly destination. cNathanielm Arru C. Cortez and one others. aLas Pinas CitybSouthville International School and Collegesc2023 axi, 131 pages;c28cm. aBachelor of Science in Tourism  aIncludes bibliographical references and appendices. aLGBT tourism – Philippines – Boracay Island. aHospitality industry – Inclusivity – Boracay Island. aTourism – Social aspects – Philippines – Boracay Island.